000 00358pam a2200157a 44500
008 230515b1987 xxu||||| |||| 00| 0 eng d
020 _aNULL
041 _aENGLISH
082 _aN.D.
100 _aSteven Harrington
245 _aComputer Graphics
250 _a0
260 _aNULL
_bMcGraw - Hill Book Com.
_c1987
300 _a466 P.
650 _aNULL
999 _c578707
_d578707